000 00586nam a2200145Ia 4500
008 100204s9999 xx 000 0 und d
082 _b16301
100 _aपंडित बाळ ज.
245 _aक्रिडागंगेतील चंदेरी धारा - 3
260 _b"मधुश्री प्रकाशन , पुणे"
_c1992
300 _a88
630 _aक्रिडागंगेतील चंदेरी धारा - 3
730 _aक्रिडागंगेतील चंदेरी धारा - 3
942 _cBOOK
999 _c460724
_d460721